000 007930000a22002050004500
003 LK-CoMWRAF
008 230817t1994 ||||| |||| 00| 0 eng d
040 _aLK-CoMWRAF
_dLK-CoMWRAF
_eLK-CoMWRAF
041 _aeng
082 _a364.1322
_bGLO
111 _aGLOBAL TRIBUNAL ON VIOLATIONS ON WOMEN'S HUMAN RIGHTS
_c(Vienna,
_dJune 1993)
245 _a Testimonies of the Global Tribunal on Violations of Women's Human Rights at the United Nations World Conference on Human Rights, Vienna, June 1993
260 _aNew Brunswick, N.J.:
_bCenter for Women's Global Leadership,
_c1994
300 _a 80 p. : ill. ; 28 cm
650 _aSex discrimination against women- Congresses
650 _aWomen, Violence against
650 _aWomen's rights
700 _aReilly, Niamh
_ecomp.
942 _cCP
999 _c161
_d161